000 00573nam a2200205 a 4500
005 20140310183244.0
008 040823s19uu xx 00 eng d
020 _a0415241324
050 _aLC 4696.G7
_b.W47 2003
100 _aWest, Anne
245 _aUnderachievement in schools /
_cAnne West
260 _aLondon :
_bRoutledgeFalmer,
_c2003.
300 _a236 p. :
_bill. ;
_c22 cm.
500 _aIncludes references and index.
521 _aEDU
650 _aUnderachievers
_xGreat Britain.
700 _aPennell, Hazel
942 _cBK
_2lcc
_kFOR
999 _c20660
_d20660